[Event "Transcontinental 2-A"]
[Site "Montreal CAN"]
[Date "2010.02.07"]
[Round "4"]
[White "Luo, Zhao Yang"]
[Black "Zhang, Zhiyuan"]
[Result "1-0"]
[WhiteElo "1973"]
[BlackElo "1905"]
[PlyCount "169"]
[EventDate "2010.02.05"]
[EventType "tourn"]
[EventRounds "5"]
[EventCountry "CAN"]

1. d4 d5 2. c4 c6 3. Nf3 Nf6 4. Nc3 a6 5. Bg5 dxc4 6. a4 Nbd7 7. e4 h6 8. Bh4
Qa5 9. Bxc4 Nxe4 10. Qb3 Nd6 11. O-O Nxc4 12. Qxc4 e6 13. d5 Nb6 14. Qf4 Qb4
15. Qc7 g5 16. Ne5 Nd7 17. dxe6 fxe6 18. Rad1 Qb6 19. Rxd7 Qxc7 20. Rxc7 Bd6
21. Nf7 Bxc7 22. Nxh8 gxh4 23. Ng6 h3 24. gxh3 Kf7 25. Nh4 e5 26. Kg2 Be6 27.
Ne4 Rg8+ 28. Ng3 Bd8 29. Nf3 Bd5 30. Re1 Kf6 31. Re3 Bb6 32. Re2 e4 33. Nh4 e3+
34. f3 Bc4 35. Re1 e2 36. Kh1 Rxg3 37. hxg3 Ba5 38. Ng2 Bxe1 39. Nxe1 b5 40. a5
b4 41. Kg2 c5 42. Kf2 b3 43. Ng2 Bb5 44. Nf4 Ke5 45. Nxe2 Bd7 46. h4 Kd5 47.
Ke3 Kc4 48. g4 Kb4 49. g5 hxg5 50. hxg5 Kxa5 51. g6 Kb4 52. Nf4 Be8 53. Nd5+
Ka5 54. g7 Bf7 55. Ne7 c4 56. Kd4 Kb4 57. Nc6+ Kb5 58. Ne5 Bg8 59. Kc3 Kc5 60.
Nd7+ Kb5 61. Nf6 Bf7 62. g8=Q Bxg8 63. Nxg8 a5 64. Nf6 a4 65. Ne4 a3 66. bxa3
Ka4 67. Kb2 Kb5 68. Nd2 Kc5 69. Nxb3+ cxb3 70. Kxb3 Kd5 71. a4 Ke5 72. a5 Kf4
73. a6 Kxf3 74. a7 Ke3 75. a8=Q Kd4 76. Qc8 Kd5 77. Qg4 Ke5 78. Kc4 Kd6 79. Qf5
Kc6 80. Qe6+ Kc7 81. Kc5 Kb7 82. Qc6+ Ka7 83. Qb5 Ka8 84. Kc6 Ka7 85. Qb7# 1-0

[Event "Transcontinental 2-A"]
[Site "Montreal CAN"]
[Date "2010.02.07"]
[Round "5"]
[White "Zhang, Zhiyuan"]
[Black "Gagnon, Serge"]
[Result "1/2-1/2"]
[WhiteElo "1905"]
[BlackElo "1945"]
[PlyCount "50"]
[EventDate "2010.02.05"]
[EventType "tourn"]
[EventRounds "5"]
[EventCountry "CAN"]

1. d4 d6 2. Nf3 g6 3. c4 Bg7 4. Nc3 Nc6 5. e3 e5 6. Be2 f5 7. d5 Nce7 8. Qb3 e4
9. Nd4 c5 10. Nc2 Nf6 11. Bd2 O-O 12. h3 Nd7 13. O-O Ne5 14. Rad1 g5 15. Ne1
N7g6 16. Qc2 Nh4 17. g3 Nhf3+ 18. Kg2 Qf6 19. Bxf3 exf3+ 20. Nxf3 Nxc4 21. Qb3
Nxd2 22. Rxd2 b6 23. Rh1 Bd7 24. h4 g4 25. Ng1 Rf7 1/2-1/2

[Event "Transcontinental 2-B"]
[Site "Montreal CAN"]
[Date "2010.02.05"]
[Round "1"]
[White "Bedard, Michel"]
[Black "Piche, Guy"]
[Result "1-0"]
[WhiteElo "1688"]
[BlackElo "1566"]
[PlyCount "71"]
[EventDate "2010.02.05"]
[EventType "tourn"]
[EventRounds "5"]
[EventCountry "CAN"]

1. d4 Nf6 2. c4 e6 3. Nf3 d5 4. Qc2 Be7 5. g3 b6 6. Bg2 Bb7 7. cxd5 exd5 8. Bf4
Nbd7 9. O-O c5 10. Nc3 Rc8 11. Rac1 O-O 12. Qd2 Nh5 13. Be3 f5 14. Bg5 Nhf6 15.
Bf4 Ne4 16. Nxe4 fxe4 17. Ng5 Bxg5 18. Bxg5 Nf6 19. Bh3 Rc6 20. Rcd1 Qe8 21.
dxc5 bxc5 22. Bxf6 Rcxf6 23. Rc1 Qh5 24. Bg2 Rh6 25. h3 d4 26. Qa5 Qxe2 27.
Qxc5 d3 28. Qc4+ Kh8 29. Rce1 Qxb2 30. Rb1 Qd2 31. Rxb7 e3 32. Qd4 Rhf6 33.
Qxe3 Qc2 34. Qe7 Rg8 35. Bd5 d2 36. Bxg8 1-0

[Event "Transcontinental 2-B"]
[Site "Montreal CAN"]
[Date "2010.02.05"]
[Round "1"]
[White "Gauthier, Luc"]
[Black "Lescarbeau, Martin"]
[Result "1-0"]
[WhiteElo "1704"]
[BlackElo "1530"]
[PlyCount "55"]
[EventDate "2010.02.05"]
[EventType "tourn"]
[EventRounds "5"]
[EventCountry "CAN"]

1. e4 e5 2. f4 exf4 3. Nf3 d6 4. Bc4 g5 5. O-O Bg7 6. d4 h6 7. c3 Nf6 8. Nbd2
O-O 9. e5 Ng4 10. Nb3 dxe5 11. h3 e4 12. Nxg5 hxg5 13. hxg4 Qd6 14. Nd2 e3 15.
Ne4 Qe7 16. Qf3 Be6 17. Bd3 f5 18. Nc5 fxg4 19. Qe4 Re8 20. Qh7+ Kf8 21. Bxe3
Qf6 22. Nxe6+ Rxe6 23. Bxf4 gxf4 24. Bc4 Re3 25. Qg8+ Ke7 26. Rae1 Rxe1 27.
Rxe1+ Kd7 28. Qe8+ 1-0

[Event "Transcontinental 2-B"]
[Site "Montreal CAN"]
[Date "2010.02.05"]
[Round "1"]
[White "Pregent, Daniel"]
[Black "Dardoura, Khaled"]
[Result "1-0"]
[WhiteElo "1790"]
[BlackElo "1496"]
[PlyCount "97"]
[EventDate "2010.02.05"]
[EventType "tourn"]
[EventRounds "5"]
[EventCountry "CAN"]

1. d4 d5 2. c4 e6 3. Nf3 c5 4. cxd5 exd5 5. e3 Nf6 6. Bd3 Nc6 7. O-O Nb4 8.
Bb5+ Bd7 9. Bxd7+ Qxd7 10. Nc3 Nc6 11. Re1 Be7 12. Ne5 Qd8 13. Qa4 Qb6 14. e4
Rd8 15. exd5 Nxd5 16. Nxd5 Rxd5 17. Qc4 Qb4 18. Qxb4 Nxb4 19. Re2 Rxd4 20. Be3
Re4 21. a3 Nd5 22. Nd3 b6 23. Rae1 O-O 24. f3 Rxe3 25. Rxe3 Nxe3 26. Rxe3 Bf6
27. Re2 Rd8 28. Kf2 Kf8 29. Ne1 Rd1 30. Rc2 Rd5 31. g3 Ke7 32. f4 Kd7 33. Nf3
a5 34. Ke3 g6 35. g4 h6 36. a4 Bd4+ 37. Ke4 Rd6 38. f5 Bf6 39. b3 Ke7 40. Rd2
Rc6 41. Kd5 Rd6+ 42. Kc4 Rxd2 43. Nxd2 Kd7 44. Kb5 Bc3 45. Nc4 Kc7 46. Nxb6 Be1
47. Nc4 gxf5 48. gxf5 Bb4 49. Ne5 1-0

[Event "Transcontinental 2-B"]
[Site "Montreal CAN"]
[Date "2010.02.06"]
[Round "2"]
[White "Dardoura, Khaled"]
[Black "Piche, Guy"]
[Result "1/2-1/2"]
[WhiteElo "1496"]
[BlackElo "1566"]
[PlyCount "90"]
[EventDate "2010.02.05"]
[EventType "tourn"]
[EventRounds "5"]
[EventCountry "CAN"]

1. d4 d5 2. c4 c6 3. Nf3 h6 4. Nc3 Nf6 5. e3 Bf5 6. cxd5 cxd5 7. Bb5+ Bd7 8.
O-O Nc6 9. Bd2 e6 10. Rc1 Bd6 11. Bd3 O-O 12. Bb1 e5 13. Nb5 Bb8 14. dxe5 Nxe5
15. Nbd4 Ne4 16. Bc3 Bg4 17. Bd3 Qd6 18. g3 Qf6 19. Be2 Bh3 20. Nxe5 Bxe5 21.
f4 Bxf1 22. Bxf1 Nxc3 23. Rxc3 Bxd4 24. exd4 Rac8 25. Bg2 Qe6 26. Qd2 Rxc3 27.
bxc3 Rc8 28. Kf2 Rc4 29. Bf1 Ra4 30. Qc2 Ra5 31. Qb3 b6 32. Bg2 Kf8 33. Qb4+
Qe7 34. Qb3 Qd6 35. Bf3 Ra3 36. Qb2 Ke7 37. Bxd5 Ra5 38. Qe2+ Kf8 39. Bb3 b5
40. Qh5 Qe7 41. Qd5 Qc7 42. Qa8+ Ke7 43. Qd5 Kf8 44. Qa8+ Ke7 45. Qd5 Kf8
1/2-1/2

[Event "Transcontinental 2-B"]
[Site "Montreal CAN"]
[Date "2010.02.06"]
[Round "2"]
[White "Pregent, Daniel"]
[Black "Gauthier, Luc"]
[Result "1-0"]
[WhiteElo "1790"]
[BlackElo "1704"]
[PlyCount "111"]
[EventDate "2010.02.05"]
[EventType "tourn"]
[EventRounds "5"]
[EventCountry "CAN"]

1. d4 d5 2. c4 Nc6 3. cxd5 Qxd5 4. e3 e5 5. Nc3 Bb4 6. Bd2 Bxc3 7. bxc3 exd4 8.
cxd4 Nf6 9. f3 O-O 10. Qb3 Qxb3 11. axb3 Be6 12. b4 a6 13. Bd3 Rfe8 14. Ne2 Nd5
15. Rb1 Nxe3 16. Bxe3 Ba2 17. Kf2 Bxb1 18. Rxb1 Rad8 19. b5 Ne5 20. Bxh7+ Kxh7
21. dxe5 Rxe5 22. bxa6 bxa6 23. Rb7 Rde8 24. Rb3 c5 25. f4 Re4 26. Rc3 c4 27.
Ng3 R4e6 28. Bd4 Rc6 29. Nf5 f6 30. g4 Re4 31. Kf3 Re1 32. Ne3 Rb1 33. h4 Rb3
34. Ke4 Re6+ 35. Kd5 Rxc3 36. Kxe6 Rd3 37. Kd5 c3 38. Kc4 c2 39. Nxc2 Rg3 40.
Ne3 g5 41. hxg5 fxg5 42. f5 Kg8 43. Kd3 a5 44. Ke2 Rg1 45. Bf6 a4 46. Kf2 Rb1
47. Bxg5 Kf7 48. Bf4 a3 49. Be5 Rb2+ 50. Kf3 Rb3 51. Kf4 Rb4+ 52. Kf3 Rb3 53.
g5 a2 54. g6+ Kg8 55. f6 Rb5 56. f7+ 1-0

[Event "Transcontinental 2-B"]
[Site "Montreal CAN"]
[Date "2010.02.06"]
[Round "3"]
[White "Bedard, Michel"]
[Black "Pregent, Daniel"]
[Result "0-1"]
[WhiteElo "1688"]
[BlackElo "1790"]
[PlyCount "102"]
[EventDate "2010.02.05"]
[EventType "tourn"]
[EventRounds "5"]
[EventCountry "CAN"]

1. d4 Nf6 2. c4 e6 3. Nf3 b6 4. g3 Bb7 5. Bg2 c5 6. O-O cxd4 7. Qxd4 Be7 8. Nc3
d6 9. Qd1 O-O 10. Re1 a6 11. e4 Qc7 12. Qe2 Nbd7 13. Nd2 Ne5 14. b3 b5 15. Bb2
bxc4 16. bxc4 Rfc8 17. Bf1 Rab8 18. Rab1 Bc6 19. Ba1 Qa7 20. Qe3 Qxe3 21. Rxe3
Rxb1 22. Ncxb1 Nfg4 23. Rb3 Nd7 24. h3 Ngf6 25. f3 Nc5 26. Re3 Bd8 27. Bd4 Bb6
28. Nc3 e5 29. Bxc5 Bxc5 30. Kf2 Rb8 31. Nb3 Bxe3+ 32. Kxe3 Nd7 33. Nd5 Kf8 34.
f4 Ba4 35. Nd2 f6 36. Nc3 Bc6 37. Bd3 Nc5 38. Bc2 Re8 39. f5 g6 40. g4 g5 41.
Nd5 Bxd5 42. cxd5 Rb8 43. Nc4 Ke7 44. Kd2 Kd7 45. Kc3 Kc7 46. Na5 h5 47. Nc4
hxg4 48. hxg4 Rh8 49. Nd2 Rh3+ 50. Kb2 Rg3 51. Bd1 Nd3+ 0-1

[Event "Transcontinental 2-B"]
[Site "Montreal CAN"]
[Date "2010.02.06"]
[Round "3"]
[White "Gauthier, Luc"]
[Black "Dardoura, Khaled"]
[Result "0-1"]
[WhiteElo "1704"]
[BlackElo "1496"]
[PlyCount "74"]
[EventDate "2010.02.05"]
[EventType "tourn"]
[EventRounds "5"]
[EventCountry "CAN"]

1. e4 e6 2. d4 d5 3. e5 c5 4. c3 Nc6 5. Nf3 Qb6 6. Be2 Nh6 7. Bxh6 Qxb2 8. Be3
cxd4 9. Bc1 Qxa1 10. Qc2 dxc3 11. Bb5 Bb4 12. O-O Bd7 13. Bxc6 Bxc6 14. Nd4 O-O
15. Qb3 c2 16. Nxc2 Qxe5 17. Qxb4 Qe4 18. Qd2 Rac8 19. Re1 Qg6 20. Re5 Ba4 21.
Nca3 Rc7 22. Bb2 Rfc8 23. Rg5 Qh6 24. f4 f6 25. Rg3 Kh8 26. Nc3 Bd7 27. Ncb5
Bxb5 28. Nxb5 Rc2 29. Qd3 Qxf4 30. Rf3 Qd2 31. Qxd2 Rxd2 32. Bc3 Rxa2 33. Nd6
Rc7 34. Ne8 Rd7 35. Rg3 d4 36. Bb4 d3 37. Nxf6 d2 0-1

[Event "Transcontinental 2-B"]
[Site "Montreal CAN"]
[Date "2010.02.06"]
[Round "3"]
[White "Piche, Guy"]
[Black "Lescarbeau, Martin"]
[Result "1-0"]
[WhiteElo "1566"]
[BlackElo "1530"]
[PlyCount "81"]
[EventDate "2010.02.05"]
[EventType "tourn"]
[EventRounds "5"]
[EventCountry "CAN"]

1. e4 c5 2. Nf3 d6 3. d4 cxd4 4. Nxd4 g6 5. Nc3 Bg7 6. Be3 Nf6 7. Bc4 O-O 8.
Qe2 a6 9. a4 Nc6 10. f3 Bd7 11. g4 Rc8 12. h4 Ne5 13. Bb3 Bxg4 14. fxg4 Nfxg4
15. Ne6 Rxc3 16. bxc3 Qa5 17. Bd2 Rc8 18. c4 Qb6 19. Nxg7 Kxg7 20. h5 Qd4 21.
c3 Nd3+ 22. Kd1 Ndf2+ 23. Kc2 Qxe4+ 24. Qxe4 Nxe4 25. hxg6 hxg6 26. Rae1 Nxd2
27. Kxd2 Ne5 28. Rhf1 e6 29. Rb1 f5 30. c5 d5 31. Ba2 Rc7 32. Rb6 Kf6 33. Bxd5
Nc6 34. Bxc6 bxc6 35. Rxa6 g5 36. Re1 f4 37. Ra8 Rd7+ 38. Ke2 Rd5 39. a5 Rxc5
40. a6 Ke7 41. a7 1-0

[Event "Transcontinental 2-B"]
[Site "Montreal CAN"]
[Date "2010.02.07"]
[Round "4"]
[White "Gauthier, Luc"]
[Black "Bedard, Michel"]
[Result "1-0"]
[WhiteElo "1704"]
[BlackElo "1688"]
[PlyCount "82"]
[EventDate "2010.02.05"]
[EventType "tourn"]
[EventRounds "5"]
[EventCountry "CAN"]

1. e4 e5 2. f4 exf4 3. Nf3 d5 4. exd5 Nf6 5. Bc4 Nxd5 6. O-O Be6 7. Bb3 Be7 8.
c4 Nb6 9. d4 c6 10. c5 Nd5 11. Nc3 g5 12. Qe2 h6 13. Ne4 Na6 14. Ne5 Nac7 15.
Nc4 Nb5 16. Rd1 O-O 17. a4 Nbc7 18. Ncd6 Bxd6 19. cxd6 Ne8 20. Qh5 Kg7 21. d7
Nef6 22. Qf3 Nxe4 23. Qxe4 Nf6 24. Qd3 Bxb3 25. Qxb3 Qxd7 26. h4 Nd5 27. hxg5
hxg5 28. Kf2 Rae8 29. Bd2 Qg4 30. Qf3 Qh4+ 31. g3 Qh2+ 32. Kf1 Ne3+ 33. Bxe3
Rxe3 34. Qg2 Qxg2+ 35. Kxg2 Rxg3+ 36. Kf2 Re8 37. d5 cxd5 38. Rxd5 Rc8 39. Rad1
Rc2+ 40. R1d2 Rxd2+ 41. Rxd2 Rb3 1-0

[Event "Transcontinental 2-B"]
[Site "Montreal CAN"]
[Date "2010.02.07"]
[Round "4"]
[White "Pregent, Daniel"]
[Black "Piche, Guy"]
[Result "1-0"]
[WhiteElo "1790"]
[BlackElo "1566"]
[PlyCount "63"]
[EventDate "2010.02.05"]
[EventType "tourn"]
[EventRounds "5"]
[EventCountry "CAN"]

1. d4 d5 2. c4 c6 3. Nf3 Nf6 4. e3 h6 5. Qc2 Ne4 6. Nbd2 Bf5 7. Bd3 Nxd2 8.
Bxd2 Bxd3 9. Qxd3 e6 10. O-O Bd6 11. e4 dxc4 12. Qxc4 Nd7 13. Rad1 Nb6 14. Qb3
Qc7 15. Bc3 O-O 16. Rd3 Nd7 17. Qc2 e5 18. Rfd1 Be7 19. b4 exd4 20. Rxd4 Rad8
21. e5 Nb6 22. Rg4 Rxd1+ 23. Qxd1 Nd5 24. Bd2 Qd7 25. Nd4 h5 26. Rxg7+ Kxg7 27.
Qxh5 Rh8 28. Nf5+ Qxf5 29. Qxf5 Rd8 30. h4 Rh8 31. h5 Rh7 32. Qg4+ 1-0

[Event "Transcontinental 2-B"]
[Site "Montreal CAN"]
[Date "2010.02.07"]
[Round "5"]
[White "Piche, Guy"]
[Black "Gauthier, Luc"]
[Result "1/2-1/2"]
[WhiteElo "1566"]
[BlackElo "1704"]
[PlyCount "35"]
[EventDate "2010.02.05"]
[EventType "tourn"]
[EventRounds "5"]
[EventCountry "CAN"]

1. e4 Nf6 2. Nc3 d5 3. exd5 Nxd5 4. Nxd5 Qxd5 5. d4 Nc6 6. c3 e5 7. dxe5 Qxd1+
8. Kxd1 Nxe5 9. Bf4 Bd6 10. Be2 Be6 11. Nf3 O-O-O 12. Nd4 Rhe8 13. Nxe6 Rxe6
14. Kc1 Nd3+ 15. Bxd3 Bxf4+ 16. Kc2 g6 17. g3 Red6 18. Rad1 1/2-1/2

[Event "Transcontinental III A"]
[Site "Montreal CAN"]
[Date "2010.10.22"]
[Round "1"]
[White "Gauthier, Denis"]
[Black "Lalonde, Paul"]
[Result "1-0"]
[WhiteElo "1936"]
[BlackElo "1880"]
[PlyCount "107"]
[EventDate "2010.10.22"]
[EventType "tourn"]
[EventRounds "5"]
[EventCountry "CAN"]

1. d4 Nf6 2. c4 g6 3. Nc3 Bg7 4. Nf3 d6 5. Bf4 O-O 6. h3 Nh5 7. Bh2 f5 8. e3 e6
9. Be2 Nf6 10. Qc2 Nc6 11. O-O Bd7 12. a3 Qe7 13. b4 Rad8 14. b5 Nb8 15. a4 Bc8
16. Rab1 Nbd7 17. c5 dxc5 18. Bxc7 Rde8 19. Rfd1 Nb6 20. Be5 cxd4 21. Rxd4 Rd8
22. Rbd1 Rxd4 23. Rxd4 Rd8 24. Qd2 Rxd4 25. Qxd4 Nfd7 26. Bxg7 Qxg7 27. a5 Qxd4
28. Nxd4 Nd5 29. Nxd5 exd5 30. Kf1 Kf7 31. Ke1 Ke7 32. Kd2 Kd6 33. Kc3 Nc5 34.
f3 Bd7 35. Bd1 Ke5 36. Bc2 f4 37. exf4+ Kxf4 38. Kb4 Ne6 39. Nxe6+ Bxe6 40. Kc5
Ke5 41. Bb3 b6+ 42. axb6 axb6+ 43. Kxb6 d4 44. Bd1 Kf4 45. Kc6 Bc4 46. b6 Ba6
47. b7 Bxb7+ 48. Kxb7 Kg3 49. Kc6 Kxg2 50. Kd5 Kxh3 51. Kxd4 Kg3 52. Ke3 h5 53.
f4 h4 54. Bc2 1-0

[Event "Transcontinental III A"]
[Site "Montreal CAN"]
[Date "2010.10.22"]
[Round "1"]
[White "Lalumiere, Claude"]
[Black "Morin, Louis"]
[Result "1-0"]
[WhiteElo "1928"]
[BlackElo "1917"]
[PlyCount "123"]
[EventDate "2010.10.22"]
[EventType "tourn"]
[EventRounds "5"]
[EventCountry "CAN"]

1. e4 c5 2. Nf3 e6 3. d4 cxd4 4. Nxd4 Nf6 5. Nc3 Nc6 6. Be2 Bb4 7. f3 d5 8.
Nxc6 bxc6 9. exd5 cxd5 10. Bd2 O-O 11. O-O Ba6 12. Kh1 Bxe2 13. Qxe2 d4 14. Ne4
Bxd2 15. Nxd2 Nd5 16. Nb3 Qb6 17. Rfd1 a5 18. Rab1 Rfb8 19. Rbc1 a4 20. Nxd4
Qxb2 21. c4 Nf4 22. Qd2 e5 23. Nc6 Qxd2 24. Rxd2 Re8 25. Rd7 e4 26. fxe4 Rxe4
27. g3 Ng6 28. Rf1 Rxc4 29. Nd8 Ne5 30. Rd5 f6 31. Ne6 Rc2 32. a3 Re8 33. Nf4
Ra2 34. Ra5 Rxa3 35. Ra7 Ra2 36. Rc1 Ng4 37. h3 Nh6 38. Nh5 Nf5 39. g4 Ne7 40.
Rcc7 Kf7 41. Ng3 g6 42. Ne4 Ke6 43. Ra6+ Kf7 44. Nd6+ Kf8 45. Nxe8 Nd5 46. Rd7
Nb4 47. Ra8 Ra1+ 48. Kg2 Ra2+ 49. Kf1 Ra1+ 50. Ke2 Ra2+ 51. Kd1 Ra1+ 52. Kd2
Ra2+ 53. Kc3 Nd5+ 54. Rxd5 Ke7 55. Nc7 g5 56. Re8+ Kf7 57. Rd7+ Kg6 58. Rg8+
Kh6 59. Rf7 Rf2 60. Ne8 a3 61. Nxf6 a2 62. Rxh7# 1-0

[Event "Transcontinental III A"]
[Site "Montreal CAN"]
[Date "2010.10.22"]
[Round "1"]
[White "Rivest, Jean-Michel"]
[Black "Cote-Lalumiere, Tristan"]
[Result "0-1"]
[WhiteElo "1971"]
[BlackElo "1878"]
[PlyCount "98"]
[EventDate "2010.10.22"]
[EventType "tourn"]
[EventRounds "5"]
[EventCountry "CAN"]

1. e4 c5 2. Nf3 d6 3. d4 cxd4 4. Nxd4 Nf6 5. Nc3 g6 6. Be3 Bg7 7. f3 O-O 8. Qd2
Nc6 9. Bc4 Bd7 10. O-O-O Rc8 11. Bb3 Ne5 12. Kb1 a5 13. a3 a4 14. Ba2 b5 15. g4
b4 16. axb4 a3 17. bxa3 Nxf3 18. Nxf3 Rxc3 19. Qxc3 Nxe4 20. Qb3 Nc3+ 21. Kc1
Be6 22. Qxe6 fxe6 23. Bxe6+ Kh8 24. Rdf1 h6 25. Nd4 Kh7 26. Kd2 Ne4+ 27. Ke1
Qa8 28. Rxf8 Bxf8 29. Rf1 Bg7 30. Nb5 Qa4 31. c4 Qb3 32. Ke2 Qc2+ 33. Ke1 Qd3
34. Rf3 Ng5 35. Bxg5 Qxf3 36. Bd5 Qxg4 37. Bxe7 Qg1+ 38. Ke2 Qxh2+ 39. Kd3 Qg3+
40. Kc2 Qf2+ 41. Kd3 Qf5+ 42. Kd2 Qf4+ 43. Kd3 h5 44. Bxd6 Qf1+ 45. Ke3 h4 46.
a4 h3 47. a5 Bh6+ 48. Kd4 Qf2+ 49. Kd3 Qd2+ 0-1

[Event "Transcontinental III A"]
[Site "Montreal CAN"]
[Date "2010.10.23"]
[Round "2"]
[White "Cote-Lalumiere, Tristan"]
[Black "Morin, Louis"]
[Result "1-0"]
[WhiteElo "1878"]
[BlackElo "1917"]
[PlyCount "59"]
[EventDate "2010.10.22"]
[EventType "tourn"]
[EventRounds "5"]
[EventCountry "CAN"]

1. e4 e5 2. f4 exf4 3. Nf3 h6 4. Bc4 d6 5. h4 Nf6 6. Nc3 Be7 7. d4 Nh5 8. Nd5
Be6 9. Qd3 Bxd5 10. Bxd5 c6 11. Bb3 Nd7 12. Bd2 Ndf6 13. e5 dxe5 14. Nxe5 O-O
15. O-O-O Ng3 16. Rh3 Nfh5 17. Ng6 Bd6 18. Nxf8 Qxf8 19. Qg6 Rd8 20. Be1 Bc7
21. c3 Rd6 22. Qd3 Qd8 23. Bxg3 Nxg3 24. Re1 g6 25. Qc4 Qf6 26. Qc5 b6 27. Qe5
Qxe5 28. dxe5 Rd8 29. e6 fxe6 30. Rxe6 1-0

[Event "Transcontinental III A"]
[Site "Montreal CAN"]
[Date "2010.10.23"]
[Round "2"]
[White "Lalonde, Paul"]
[Black "Lalumiere, Claude"]
[Result "0-1"]
[WhiteElo "1880"]
[BlackElo "1928"]
[PlyCount "62"]
[EventDate "2010.10.22"]
[EventType "tourn"]
[EventRounds "5"]
[EventCountry "CAN"]

1. e4 c5 2. Nf3 d6 3. d4 cxd4 4. Nxd4 Nf6 5. Nc3 a6 6. f3 e6 7. Be3 Be7 8. Qd2
Nc6 9. g4 Qc7 10. h4 Ne5 11. h5 b5 12. g5 Nfd7 13. g6 hxg6 14. Qg2 gxh5 15.
Qxg7 Bf6 16. Qg3 Nb6 17. O-O-O b4 18. Ndb5 axb5 19. Nxb5 Qb8 20. Nxd6+ Kf8 21.
Bf4 h4 22. Qh2 Ng6 23. e5 Bg7 24. Bd3 Nxf4 25. Nxf7 Nxd3+ 26. Rxd3 Kxf7 27.
Qf4+ Ke8 28. Qxb4 Nd5 29. Qc4 Bd7 30. Qg4 Qxe5 31. Qg6+ Ke7 0-1

[Event "Transcontinental III A"]
[Site "Montreal CAN"]
[Date "2010.10.23"]
[Round "3"]
[White "Gauthier, Denis"]
[Black "Cote-Lalumiere, Tristan"]
[Result "1-0"]
[WhiteElo "1936"]
[BlackElo "1878"]
[PlyCount "89"]
[EventDate "2010.10.22"]
[EventType "tourn"]
[EventRounds "5"]
[EventCountry "CAN"]

1. d4 Nf6 2. c4 c5 3. d5 b5 4. cxb5 a6 5. f3 d6 6. e4 g6 7. Nc3 Bg7 8. Bd3 O-O
9. Nge2 Nbd7 10. bxa6 Ne5 11. Bb5 Bxa6 12. O-O Qb6 13. a4 c4+ 14. Qd4 Qxd4+ 15.
Nxd4 Nd3 16. Nc6 e6 17. Rb1 Bxb5 18. axb5 exd5 19. exd5 Nxc1 20. Rfxc1 Nd7 21.
Ne4 Nb6 22. Rd1 Rfe8 23. Kf2 Ra2 24. Nxd6 Rea8 25. Nb4 Rxb2+ 26. Rxb2 Bxb2 27.
Ne4 f5 28. Nc5 Ba3 29. Nca6 Rd8 30. Ke2 c3 31. Nc2 Bd6 32. g3 f4 33. g4 Re8+
34. Kd3 Nxd5 35. Kc4 Ne3+ 36. Nxe3 Rxe3 37. b6 c2 38. Rc1 Ra3 39. Kb5 Rb3+ 40.
Kc6 Be5 41. Rxc2 Ra3 42. Nc5 Rxf3 43. Nd7 Bb8 44. Nxb8 Re3 45. Nd7 1-0

[Event "Transcontinental III A"]
[Site "Montreal CAN"]
[Date "2010.10.23"]
[Round "3"]
[White "Morin, Louis"]
[Black "Lalonde, Paul"]
[Result "1-0"]
[WhiteElo "1917"]
[BlackElo "1880"]
[PlyCount "69"]
[EventDate "2010.10.22"]
[EventType "tourn"]
[EventRounds "5"]
[EventCountry "CAN"]

1. e4 c6 2. d4 g6 3. Nf3 Bg7 4. c3 d6 5. Be3 Nf6 6. Nbd2 O-O 7. Be2 b5 8. a4
Bb7 9. axb5 cxb5 10. d5 a6 11. c4 bxc4 12. Bxc4 Nbd7 13. O-O Ng4 14. Bd4 Nge5
15. Be2 Nxf3+ 16. Nxf3 Nf6 17. Bd3 Qd7 18. Qe2 Rfc8 19. Rfe1 a5 20. Bb6 a4 21.
Bb5 Qg4 22. h3 Qf4 23. Rxa4 Rxa4 24. Bxa4 Bxd5 25. exd5 Qxa4 26. Qxe7 Nxd5 27.
Qxd6 Nxb6 28. Qxb6 Qc2 29. b4 Bc3 30. Rf1 Qe4 31. b5 Qf4 32. Rd1 Bf6 33. Qd6
Qa4 34. b6 Kg7 35. b7 1-0

[Event "Transcontinental III A"]
[Site "Montreal CAN"]
[Date "2010.10.24"]
[Round "4"]
[White "Cote-Lalumiere, Tristan"]
[Black "Lalonde, Paul"]
[Result "0-1"]
[WhiteElo "1878"]
[BlackElo "1880"]
[PlyCount "105"]
[EventDate "2010.10.22"]
[EventType "tourn"]
[EventRounds "5"]
[EventCountry "CAN"]

1. e4 e5 2. f4 d5 3. Nf3 Nf6 4. d4 dxe4 5. Nxe5 Bd6 6. c3 Be6 7. Be2 O-O 8. O-O
c5 9. f5 Bd5 10. g4 cxd4 11. cxd4 Nc6 12. g5 Nd7 13. Nc3 Nb6 14. Nxd5 Nxd5 15.
Qb3 Nxd4 16. Qxd5 Nxe2+ 17. Kh1 Bxe5 18. Qxe5 Qd4 19. Qxd4 Nxd4 20. f6 Rfc8 21.
Bf4 Rc2 22. Rae1 Re8 23. Re3 Nf5 24. Rb3 b6 25. Re1 Rf2 26. Bc7 e3 27. Kg1 Rc2
28. Bf4 e2 29. Kf2 Nd4 30. Rd3 Nf5 31. Bc1 gxf6 32. gxf6 h5 33. Rd5 Nh4 34.
Rxh5 Ng6 35. Rg5 Re6 36. Rf5 Ne5 37. Rg5+ Kf8 38. Rg3 Rxf6+ 39. Ke3 Re6 40. Kf2
Rd6 41. Rxe2 Rxc1 42. Rxe5 Rd2+ 43. Kf3 Rxh2 44. Rg4 Rxb2 45. Rge4 Rc3+ 46. Kg4
Rxa2 47. Re8+ Kg7 48. Kf5 Ra5+ 49. Kf4 Rh5 50. Re1 Rc6 51. Ra8 a5 52. Kg4 Rb5
53. Rg1 0-1

[Event "Transcontinental III A"]
[Site "Montreal CAN"]
[Date "2010.10.24"]
[Round "4"]
[White "Gauthier, Denis"]
[Black "Lalumiere, Claude"]
[Result "1-0"]
[WhiteElo "1936"]
[BlackElo "1928"]
[PlyCount "77"]
[EventDate "2010.10.22"]
[EventType "tourn"]
[EventRounds "5"]
[EventCountry "CAN"]

1. d4 Nf6 2. c4 c5 3. d5 b5 4. cxb5 a6 5. b6 Qxb6 6. Nc3 g6 7. e4 d6 8. Nf3 Bg7
9. Nd2 O-O 10. Nc4 Qc7 11. a4 a5 12. Be2 Na6 13. O-O Nd7 14. f4 Nb4 15. Be3 Nb6
16. Rc1 Ba6 17. b3 Rfb8 18. Na3 Bxe2 19. Qxe2 Rb7 20. Nab5 Qd7 21. Rfd1 Rc8 22.
Bf2 f5 23. e5 dxe5 24. fxe5 Qd8 25. d6 Rc6 26. Bh4 Qf8 27. dxe7 Rxe7 28. Bxe7
Qxe7 29. Rd6 Bxe5 30. Rxc6 Nxc6 31. Re1 Qf6 32. Qf3 Nd4 33. Qb7 Nc2 34. Nd5 Qe6
35. Rd1 Nd7 36. Qxd7 Bd4+ 37. Kh1 Qe2 38. Qd8+ Kf7 39. Nd6+ 1-0

[Event "Transcontinental III A"]
[Site "Montreal CAN"]
[Date "2010.10.24"]
[Round "5"]
[White "Lalumiere, Claude"]
[Black "Cote-Lalumiere, Tristan"]
[Result "1/2-1/2"]
[WhiteElo "1928"]
[BlackElo "1878"]
[PlyCount "58"]
[EventDate "2010.10.22"]
[EventType "tourn"]
[EventRounds "5"]
[EventCountry "CAN"]

1. e4 c5 2. Nf3 d6 3. d4 cxd4 4. Nxd4 Nf6 5. Nc3 g6 6. f4 Nc6 7. Nxc6 bxc6 8.
e5 dxe5 9. Qxd8+ Kxd8 10. fxe5 Nd5 11. Nxd5 cxd5 12. Be3 Bg7 13. Bd4 Rf8 14.
Bc3 f6 15. O-O-O e6 16. Bb4 Rf7 17. c4 Bb7 18. exf6 Bxf6 19. cxd5 Bxd5 20. Kb1
Rb7 21. Ba3 Rab8 22. Rd2 Rd7 23. Ka1 Be7 24. Bxe7+ Kxe7 25. Rg1 Rc7 26. Bd3
Rbc8 27. Rdd1 Rf8 28. Rd2 Rfc8 29. Rdd1 Rf8 1/2-1/2

[Event "Transcontinental III A"]
[Site "Montreal CAN"]
[Date "2010.10.24"]
[Round "5"]
[White "Morin, Louis"]
[Black "Gauthier, Denis"]
[Result "1-0"]
[WhiteElo "1917"]
[BlackElo "1936"]
[PlyCount "53"]
[EventDate "2010.10.22"]
[EventType "tourn"]
[EventRounds "5"]
[EventCountry "CAN"]

1. e4 d6 2. d4 Nf6 3. Nc3 g6 4. f4 Bg7 5. Nf3 O-O 6. Bd3 Na6 7. O-O c5 8. e5
Nd7 9. exd6 exd6 10. Bxa6 bxa6 11. Be3 Bb7 12. Qd2 Re8 13. dxc5 Nxc5 14. Bd4
Bh6 15. Rad1 Ne6 16. Be3 Qa5 17. Ne4 Qxd2 18. Nf6+ Kh8 19. Rxd2 Red8 20. Ng5
Kg7 21. Nfxh7 Re8 22. Rxd6 Bxg5 23. Nxg5 Nxg5 24. fxg5 Rad8 25. Bd4+ Kg8 26.
Rxd8 Rxd8 27. Rf4 1-0

[Event "Transcontinental III B"]
[Site "Montreal CAN"]
[Date "2010.10.22"]
[Round "1"]
[White "Cote, Etienne"]
[Black "Mathews, Theo"]
[Result "1-0"]
[WhiteElo "1689"]
[BlackElo "1671"]
[PlyCount "59"]
[EventDate "2010.10.22"]
[EventType "tourn"]
[EventRounds "5"]
[EventCountry "CAN"]

1. e4 e5 2. f4 Bc5 3. Nf3 d6 4. Nc3 Nc6 5. Bc4 Nf6 6. d3 a6 7. a3 O-O 8. f5 Nd4
9. Bg5 c6 10. Ne2 Nxe2 11. Qxe2 d5 12. Bb3 dxe4 13. dxe4 Qe7 14. O-O-O b5 15.
Bh4 a5 16. g4 a4 17. g5 axb3 18. gxf6 gxf6 19. Qg2+ Kh8 20. Rhg1 Be3+ 21. Nd2
Bh6 22. cxb3 Bd7 23. Kb1 Rg8 24. Qf2 c5 25. Rg3 Bc6 26. Rdg1 Bf4 27. Qxc5 Qxc5
28. Bxf6+ Rg7 29. Rxg7 h6 30. Rxf7# 1-0